000 01149cam a2200193 4500
001 L130355
008 050720n2005 000 0 eng u
035 _a(Sirsi) u130355
041 _aeng
110 _aCommission for Architecture and the Built Environment
_94058
245 _aMinority ethnic representation in the built environment
260 _aLondon
_bCABE
_c2005
520 _aSummary of a publication of a study into the barriers facing black and ethnic minorities who wish to work in building and related industries. Black and ethnic minority students are relatively well represented in most of the built environment disciplines at all stages of higher education but after graduation find that institutionalised racism affects their career progression.
590 _aIKA020805
690 _aCAREERS, EDUCATION AND TRAINING-CAREERS IN SURVEYING
710 _aCentre for Ethnic Minority Studies
856 _uhttps://webarchive.nationalarchives.gov.uk/20110118095356/http:/www.cabe.org.uk/files/minority-ethnic-representation-in-the-built-environment-professions.pdf
_zView the item free of charge at www.cabe.org.uk...
942 _n0
999 _c104436
_d104436